000
00348nam a22001337a 4500
003
SGT
020
_a
9789386001849
082
_a
891.4309
_b
V18K
100
_a
कौल, जवाहरलाल
245
_a
व्यथा कथा
260
_b
प्रतिभा प्रतिष्ठान
_c
2018
300
_a
216
942
_2
ddc
_c
BK
999
_c
30857
_d
30857